=LDR 00000nam 2200000 4500 =001 INLIS000000000028696 =005 20130612131001 =008 ***********************************Ind** =035 ##$$a0010-061300000028696 =041 ##$$a Ind =082 ##$$a 617.601 =090 ##$$a 617.601, Tar-p =100 ##$$a TARIGAN, Rasinta =245 ##$$a Perwatan pulpa gigi (Enddodonti), DR.drg.Rasinta Trigan =260 ##$$a 1994 $b Jakarta =300 ##$$a vii, 217 hlm., ilus, 21 cm =650 ##$$a Gigi-perawata dan kebersihan =850 ##$$a NBPNMAT =990 ##$$a 0001/BPAP-NTB/20142014